Risultati Serie A 2023-2024 - 31ª giornata - Statistics

Statistiche generali
  • Questo quiz è stato fatto 17 volte
  • Il punteggio medio è 4 su 10
Statistiche sulle risposte
Hint Risposta % Corretto
Udinese-Inter 1-2
77%
Monza-Napoli 2-4
69%
Roma-Lazio 1-0
54%
Juventus-Fiorentina 1-0
38%
Salernitana-Sassuolo 2-2
38%
Milan-Lecce 3-0
38%
Frosinone-Bologna 0-0
31%
Cagliari-Atalanta 2-1
23%
Verona-Genoa 1-2
15%
Empoli-Torino 3-2
8%
Nessun quiz corrispondente trovato
Distribuzione punteggi
Percentuale di utenti per punteggio
Percentile per numero di risposta
I tuoi punteggi nel tempo
Non hai fatto questo quiz